LEADER 00999nam a2200241 i 4500 001 000000041471 003 CaOOAMICUS 005 20121024000000.0 008 121024s1994 it u000 u ita u 013 $a12641 040 $aSeMil$bita 100 1 $aGalli, Antonio <1920->.$0(OLS)http://semarc/name/20403 245 10$aTestimonianze nella storia di Lazzate /$cAntonio Galli ; note e sintesi storiche di Nino Villa. 260 $a[S.l] :$bGroane,$cstampa 1994. 300 $a189 p., [5] c. di tav, [2] c. di carte geografiche ripiegate :$bill. ;$c33 cm. 500 $aManca il front. 650 4$aLazzate.$0(OLS)http://semarc/subject/8804 700 1 $aVilla, Nino.$0(OLS)http://semarc/name/20404 850 $aSeMil 852 $aSeMil$W1$xVenegono$y1$m3P VI 69$j7626$B7626$CSeMilBibl$Z2$F7626 $81 961 $aOmaggio: Monti don Eros 996 $6245$aTestimonianze nella storia di Lazzate$9(OLS)http://semarc/title/60087 996 $6260$a[S.l] :$bGroane$9(OLS)http://semarc/publisher/40214 LEADER 00920nam a2200217 i 4500 001 000000115887 003 CaOOAMICUS 005 20030530000000.0 008 030530s1953 fr u000 u fre u 013 $a88576 040 $aSeMil$bita 245 12$aL'expansion Lasallienne en Amérique de 1874 a 1904. 300 $aVII, 403 p., Avec un frontispice. 500 $aContiene : Index Historique et Bibliographique. 700 1 $aRigault, Georges.$0(OLS)http://semarc/name/4638 773 0 $aRigault, Georges$tHistoire générale de l'Institut des Fréres des Écoles Chrétiennes.$dParis : Plon, 1937-1953-$g9$w()9409 773 0 $tFin du XIX siècle.$g[Tome]$w()9421 850 $aSeMil 852 $aSeMil$W1$xVenegono$y1$m3G I 75$j71381$B71381$CSeMilBibl$Z2$F219125 $81 961 $aOmaggio: Martini Card. Carlo Maria 996 $6245$aL'expansion Lasallienne en Amérique de 1874 a 1904$9(OLS)http://semarc/title/169816